| 000 | 00943nam a2200289Ia 4500 | ||
|---|---|---|---|
| 008 | 170203s9999 xx 000 0 und d | ||
| 020 | _a0-439473152 | ||
| 050 | _aFic | ||
| 050 | _b.C637 2003 | ||
| 100 | _aHerman, Gail | ||
| 245 | _aClifford the big red detective / | ||
| 245 | _cadapted by Gail Herman from the television script "The doggie detectives" by Larry Swerdlove ; illustrated by Robbin Cuddy. | ||
| 260 | _aNew York : | ||
| 260 | _bScholastic Inc . | ||
| 260 | _c2003 | ||
| 300 | _a64 pages; | ||
| 300 | _bcolor illustrations ; | ||
| 300 | _c20 cm. | ||
| 440 | _a Clifford big red chapter book, | ||
| 440 | _v#1 | ||
| 500 | _aBased on the Scholastic book series "Clifford the big red dog" by Norman Bridwell. | ||
| 650 | _aClifford (Fictitious character : Bridwell) -- | ||
| 650 | _aDetective and mystery stories. | ||
| 650 | _aDogs -- | ||
| 650 | _xJuvenile fiction. | ||
| 650 | _xJuvenile fiction. | ||
| 999 |
_c306150 _d306150 |
||